[Event "DVM U16 2019"]
[Site "Magedburg"]
[Date "2019.12.27"]
[Round "1"]
[White "Post, Hugo"]
[Black "Brockhoff, Moritz"]
[Result "*"]
[WhiteElo "2181"]
[BlackElo "2014"]
[Annotator "TA"]
[PlyCount "45"]
[EventDate "2019.12.27"]
[EventType "team-tourn"]
[EventRounds "7"]
[EventCountry "GER"]
[SourceTitle "playchess.com"]
[Source "ChessBase"]
[SourceQuality "1"]
[WhiteTeam "Reideburger SV 90 Halle"]
[BlackTeam "SK BS Paderborn"]

{[%evp 11,45,32,29,17,21,12,5,16,3,-20,18,18,16,22,56,0,33,32,39,33,42,0,0,13,15,-35,-31,-73,-61,-50,-26,-19,-22,-67,0,0]} 1. e4 d6 2. d4 Nf6 3. Nc3 g6 4. Bg5 Bg7 5. Qd2 O-O 6. Nf3 c6 7. Bd3 {B08: Pirc Defence: Classical System} Qc7 (7... b5 8. h3 Nbd7 9. a4 b4 10. Ne2 Qa5 11. O-O e5 12. Ng3 Re8 13. Bh6 Nf8 14. Bxg7 Kxg7 15. dxe5 dxe5 16. Bc4 h6 {1-0 (43) Li,R (2583)-Shabalov,A (2567) Middleton 2018}) 8. Bh6 e5 9. dxe5 dxe5 10. h4 Bxh6 $146 ({Predecessor:} 10... Be6 11. Bxg7 Kxg7 12. h5 Nxh5 13. Rxh5 gxh5 14. Qg5+ Kh8 15. Qf6+ Kg8 16. Qg5+ Kh8 17. Qf6+ Kg8 18. Qg5+ Kh8 19. Qf6+ Kg8 {½-½ (19) Engel,S-Saar,C Stennweiler 1998}) 11. Qxh6 {aiming for Ng5.} Ng4 12. Qd2 h5 13. Nh2 ({Better is} 13. Ng5 $1 $14) 13... Kg7 14. Nxg4 Bxg4 15. f3 Be6 16. O-O-O (16. g4 $5) 16... Nd7 {[%cal Bb8d7,Bd7f6,Bf6h5][%mdl 32]} 17. g4 {Threatening gxh5.} Nf6 18. Rdg1 Rh8 {[%cal Rh5g4]} 19. gxh5 Nxh5 20. Ne2 Rad8 ({Much worse is} 20... Bxa2 $6 21. b3 $14) 21. Qc3 f6 ({But not} 21... Bxa2 22. b3 $16) 22. Rh2 Bf7 ({Avoid the trap} 22... Bxa2 $2 23. b3 $18) (22... Qb6 $15 23. Rhg2 Qe3+ 24. Qd2 Qxd2+ 25. Kxd2 Bf7) 23. Rhg2 {Accuracy: White = 49%, Black = 54%.} *

[Event "DVM U16 2019"]
[Site "Magedburg"]
[Date "2019.12.27"]
[Round "1"]
[White "Huber, Benedikt"]
[Black "Yi, Danny"]
[Result "0-1"]
[WhiteElo "2133"]
[BlackElo "2182"]
[Annotator "TA"]
[PlyCount "62"]
[EventDate "2019.12.27"]
[EventType "team-tourn"]
[EventRounds "7"]
[EventCountry "GER"]
[SourceTitle "playchess.com"]
[Source "ChessBase"]
[SourceQuality "1"]
[WhiteTeam "SK München Südost"]
[BlackTeam "SF 59 Kornwestheim"]

{[%evp 13,62,0,9,-5,7,-77,-87,-104,-110,-226,-206,-191,-113,-97,-78,-112,-118,-119,-106,-99,-110,-122,-109,-97,-99,-174,-170,-177,-175,-166,-168,-384,-347,-354,-344,-339,-297,-298,-293,-618,-619,-921,-918,-912,-917,-29993,-29994,-29994,-29995,-29995,-1216]} 1. d4 Nf6 2. Nf3 g6 3. Bg5 Bg7 4. Nbd2 d5 5. e3 O-O 6. Bd3 c5 7. c3 b6 {[%cal Bb7b6,Bb6b5,Bb5b4][%mdl 32]} 8. Qe2 {D03: 1 d4 d5 2 Nf3 Nf6 3 Bg5, including Torre Attack with early ...d5} (8. O-O Nc6 9. Re1 h6 10. Bxf6 Bxf6 11. e4 e6 12. e5 Be7 13. a3 a5 14. Qe2 Kg7 15. Nf1 a4 16. Ne3 Bd7 {½-½ (36) Bareev,E (2650)-Gledura,B (2615) Wijk aan Zee 2019}) 8... Nc6 9. O-O-O $146 (9. Rd1 $11) ({Predecessor:} 9. O-O Bb7 10. Rad1 Qc8 11. Rfe1 Re8 12. dxc5 bxc5 13. e4 e6 14. Qf1 Qc7 15. exd5 exd5 {½-½ (50) Harika,D (2504)-Lagno,K (2547) Huaian 2017}) 9... c4 $17 10. Bb1 {Black is better.} b5 11. e4 {[#]} (11. Ne5 $17 {was called for.} Bb7 12. Nxc6 Bxc6 13. e4) 11... b4 $1 $19 {[%cal Rb4c3] White must now prevent ...bxc3.} 12. Bxf6 Bxf6 ({Black should play} 12... exf6 $19 13. exd5 Ne7 14. Qxc4 bxc3 15. bxc3 Nxd5) 13. exd5 $17 bxc3 14. bxc3 Qa5 15. Nxc4 Qxc3+ {[%mdl 64] Double Attack} 16. Qc2 {[#]} Nxd4 $1 $40 {[%mdl 640] Black goes for the king.} 17. Nxd4 Bxd4 18. Qxc3 Bxc3 19. Be4 (19. Rd3 $17 {keeps fighting.} Bf6 20. Rb3) 19... Ba6 $19 20. d6 {[#]} Rab8 $1 ({Not} 20... Bxc4 21. dxe7 Rac8 22. exf8=N $11 (22. exf8=B Kxf8 23. Rd6 Bxa2 $11)) 21. dxe7 Rfe8 22. Nd6 $2 (22. Rd8 Rexd8 23. exd8=B Rxd8 24. Kc2) 22... Rxe7 23. Bd5 Bb2+ 24. Kb1 Bf6+ 25. Bb3 Re2 {...Rb6 is the strong threat.} 26. Rd5 $2 (26. Rhe1 Bd3+ {[%mdl 64] Deflection} 27. Rxd3 Rxe1+ 28. Kc2) 26... Rb6 27. Kc1 Rc6+ 28. Kd1 Rb2 {( -> ...Be2+)} 29. Nxf7 Be2+ {Black mates.} 30. Ke1 Rc1+ 31. Bd1 Bc3+ {Accuracy: White = 35%, Black = 78%.} 0-1

[Event "DVM U16 2019"]
[Site "Magedburg"]
[Date "2019.12.27"]
[Round "1"]
[White "Kotyk, Michael"]
[Black "Wagner, Margarethe"]
[Result "1-0"]
[WhiteElo "2103"]
[BlackElo "1805"]
[Annotator "NA"]
[PlyCount "98"]
[EventDate "2019.12.27"]
[EventType "team-tourn"]
[EventRounds "7"]
[EventCountry "GER"]
[SourceTitle "playchess.com"]
[Source "ChessBase"]
[SourceQuality "1"]
[WhiteTeam "Hamburger SK"]
[BlackTeam "Erfurter SK"]
[TimeControl "40/5400+30:1800+30"]

1. Nf3 Nf6 2. b3 g6 3. Bb2 Bg7 4. c4 O-O 5. g3 d6 6. d4 Nbd7 7. Bg2 {unterminated} Re8 {unterminated} 8. O-O {unterminated} c6 9. Nc3 {unterminated} Qc7 {unterminated} 10. e4 {unterminated} e5 {E60: King's Indian: Unusual lines and Fianchetto Variation without Nc3} 11. Re1 {unterminated} (11. h3 b6 12. d5 cxd5 13. cxd5 Ba6 14. Re1 Nc5 15. Bf1 Bxf1 16. Kxf1 Rec8 17. Kg2 a6 18. Qe2 {1-0 (57) Skoberne,J (2563)-Onischuk,V (2632) Batumi 2018}) 11... Nf8 {unterminated} 12. d5 Bg4 {unterminated} 13. Qc2 {unterminated} Bxf3 14. Bxf3 Rad8 $146 {unterminated} ({Predecessor:} 14... c5 15. Bg2 Qe7 16. Nd1 N8d7 17. Ne3 h6 18. a3 {½-½ (71) Balan,B (2043)-Fluerariu,R (2091) Mamaia 2019}) 15. Rac1 {unterminated} h5 16. b4 {unterminated} Bh6 17. Rcd1 {unterminated} cxd5 {unterminated} 18. Nxd5 Nxd5 {unterminated} 19. Rxd5 {unterminated} Ne6 {unterminated} 20. Red1 Bg7 21. Qd3 b6 22. Be2 Bf8 23. Qb3 Qb7 24. Bf3 Qe7 25. h4 Nc7 26. R5d3 Ne6 27. Bg2 Qb7 28. Re3 {unterminated} Rc8 29. Bh3 b5 {unterminated} 30. cxb5 Qxb5 {unterminated} 31. Bf1 Qb7 {unterminated} 32. Bc4 {unterminated} Rb8 {unterminated} 33. a3 Qb6 34. Red3 ({White should play} 34. Rc3) 34... a5 35. Bc3 Kg7 36. Qa2 axb4 37. Bxb4 Rbd8 38. Kg2 Qc7 39. Bxe6 {unterminated} Rxe6 40. Rc3 {unterminated} Qb7 41. Qd5 {unterminated} Qa7 (41... Qxd5 $14 42. Rxd5 Ra8) 42. Rd2 $16 Rde8 43. Rdc2 Qd4 44. Rd2 {unterminated} Qa7 {unterminated} 45. Rc4 {unterminated} f5 {unterminated} 46. Rdc2 Qa8 {unterminated} 47. Rc7+ {unterminated} Kf6 {unterminated} 48. Bd2 {unterminated} g5 49. Bxg5+ Kg6 {unterminated} 1-0

[Event "DVM U16 2019"]
[Site "Magedburg"]
[Date "2019.12.27"]
[Round "1"]
[White "Costa, Leonardo"]
[Black "Kluge, Malte"]
[Result "1-0"]
[WhiteElo "2048"]
[BlackElo "1679"]
[Annotator "NA"]
[PlyCount "109"]
[EventDate "2019.12.27"]
[EventType "team-tourn"]
[EventRounds "7"]
[EventCountry "GER"]
[SourceTitle "playchess.com"]
[Source "ChessBase"]
[SourceQuality "1"]
[WhiteTeam "SK München Südost"]
[BlackTeam "SF 59 Kornwestheim"]
[TimeControl "40/5400+30:1800+30"]

1. e4 {[%emt 0:00:00]} c5 {[%emt 0:00:00]} 2. Nf3 {[%emt 0:00:00]} Nc6 {[%emt 0:00:00]} 3. d4 {[%emt 0:00:00]} cxd4 {[%emt 0:00:36]} 4. Nxd4 {[%emt 0:00:00]} g6 {[%emt 0:01:12]} 5. c4 {[%emt 0:00:00]} Bg7 {[%emt 0:01:00]} 6. Be3 {[%emt 0:00:09]} Nf6 {[%emt 0:02:53]} 7. Nc3 {[%emt 0:00:19]} d6 {[%emt 0:01:11]} 8. Be2 {[%emt 0:00:15]} O-O {[%emt 0:02:18]} 9. O-O {[%emt 0:00:23]} Bd7 {[%emt 0:03:41] unterminated} 10. Nc2 {[%emt 0:02:24] unterminated} a5 {[%emt 0:10:03] unterminated} 11. f3 {[%emt 0:07:44] unterminated B38: Sicilian: Maroczy Bind with 5...Bg7 and 7...0-0} Nb4 {[%emt 0:25:29] unterminated} (11... a4 12. Na3 Qa5 13. Qd2 Rfc8 14. Rfc1 Be6 15. f4 Nd7 16. g4 Nc5 17. f5 Bd7 18. Nab5 Ne5 {1-0 (58) Navara,D (2734)-Guseinov,G (2634) Berlin 2015}) 12. Na3 {[%emt 0:13:04] unterminated} Bc6 {[%emt 0:04:45]} 13. Qd2 {[%emt 0:01:33] unterminated} Nd7 {[%emt 0:06:40] unterminated [#]} 14. Rfc1 $146 {[%emt 0:09:23] unterminated} ({Predecessor:} 14. Rfd1 Nc5 15. Nab5 b6 16. Rab1 Nba6 17. b3 Nc7 18. Nd4 Bb7 {½-½ (39) Cvitan,O (2562)-Hausrath,D (2516) Biel 2013}) 14... Rc8 {[%emt 0:06:05]} 15. Bf1 {[%emt 0:17:32]} b6 {[%emt 0:08:21]} 16. Nab5 {[%emt 0:09:14]} Na6 {[%emt 0:03:38]} 17. Na7 {[%emt 0:05:40]} Rc7 {[%emt 0:02:16]} 18. Nxc6 {[%emt 0:00:45]} Rxc6 {[%emt 0:00:11]} 19. Nd5 {[%emt 0:00:33]} Nac5 {[%emt 0:03:00]} 20. Rab1 {[%emt 0:02:21]} e6 {[%emt 0:02:42]} 21. Nc3 {[%emt 0:01:35]} Qe7 {[%emt 0:01:48]} 22. Rd1 {[%emt 0:01:39]} Rd8 {[%emt 0:01:21]} 23. Nb5 {[%emt 0:03:00]} Nf6 {[%emt 0:01:15]} 24. e5 {[%emt 0:03:20]} Ne8 {[%emt 0:01:19]} 25. exd6 {[%emt 0:00:37]} Nxd6 {[%emt 0:00:18]} 26. Bxc5 bxc5 {[%emt 0:00:34]} 27. Qxa5 {[%emt 0:00:22] unterminated} Rcc8 {[%emt 0:05:31] unterminated} 28. a3 {[%emt 0:08:07] unterminated} Ra8 {[%emt 0:01:38]} ({Black should try} 28... Nf5 $11) 29. Qe1 {[%emt 0:07:36]} Nxb5 {[%emt 0:01:24]} 30. cxb5 {[%emt 0:00:18]} Bd4+ {[%emt 0:00:16]} 31. Kh1 {[%emt 0:00:09] unterminated} Qb7 {[%emt 0:01:00] unterminated} 32. b4 {[%emt 0:01:32]} (32. Bd3 $16) 32... cxb4 {[%emt 0:01:24]} 33. Qxb4 {[%emt 0:00:08]} Bb6 {[%emt 0:01:07]} 34. Bd3 {[%emt 0:03:53]} f5 {[%emt 0:00:53]} 35. Bc4 {[%emt 0:00:15]} Kf7 {[%emt 0:00:28]} 36. Re1 {[%emt 0:00:45] unterminated} Re8 {[%emt 0:00:27] unterminated} 37. Qd6 {[%emt 0:01:21] unterminated} Qe7 $2 {[%emt 0:00:47] unterminated} (37... Kg7 $16 38. Rxe6 Rxe6 39. Qxe6 (39. Bxe6 Qc7 $16) 39... Qc7) 38. Qxb6 {[%emt 0:00:15]} Rxa3 {[%emt 0:00:27]} 39. Rxe6 {[%emt 0:00:29]} Qxe6 {[%emt 0:00:42]} 40. Bxe6+ {[%emt 0:00:09]} Rxe6 {[%emt 0:00:07]} 41. Qc7+ {[%emt 0:30:34]} Re7 {[%emt 0:30:57]} 42. Qc4+ {[%emt 0:00:06]} Kf8 {[%emt 0:00:19] [#] unterminated} 43. Qb4 {[%emt 0:00:46]} Raa7 {[%emt 0:00:00]} 44. b6 {[%emt 0:00:00]} Rab7 {[%emt 0:00:00]} 45. Re1 {[%emt 0:00:00]} Kf7 {[%emt 0:00:00]} 46. Rxe7+ {[%emt 0:00:00]} Rxe7 {[%emt 0:00:00]} 47. Qxe7+ {[%emt 0:00:00]} Kxe7 {[%emt 0:00:00]} 48. b7 {[%emt 0:00:00]} Kf6 {[%emt 0:00:00]} 49. b8=Q {[%emt 0:00:00]} Kg5 {[%emt 0:00:00]} 50. h4+ {[%emt 0:00:00]} Kxh4 {[%emt 0:00:00]} 51. Kh2 {[%emt 0:00:00]} Kh5 {[%emt 0:00:00]} 52. Kh3 {[%emt 0:00:00]} h6 {[%emt 0:00:00]} 53. g4+ {[%emt 0:00:00]} fxg4+ {[%emt 0:00:00]} 54. fxg4+ {[%emt 0:00:00]} Kg5 {[%emt 0:00:00]} 55. Qe5# {[%emt 0:00:00] normal} 1-0

[Event "DVM U16 2019"]
[Site "Magedburg"]
[Date "2019.12.27"]
[Round "1"]
[White "Biermann, Florian"]
[Black "Pahl, Theis"]
[Result "1/2-1/2"]
[WhiteElo "2044"]
[BlackElo "2022"]
[Annotator "NA RC"]
[PlyCount "62"]
[EventDate "2019.12.27"]
[EventType "team-tourn"]
[EventRounds "7"]
[EventCountry "GER"]
[SourceTitle "playchess.com"]
[Source "ChessBase"]
[SourceQuality "1"]
[WhiteTeam "SG Bochum"]
[BlackTeam "Delmenhorster SK"]
[TimeControl "40/5400+30:1800+30"]

1. c4 {[%emt 0:00:00]} e5 {[%emt 0:00:00]} 2. g3 {[%emt 0:00:00]} Nc6 {[%emt 0:00:00]} 3. Bg2 {[%emt 0:00:07]} Bc5 {[%emt 0:00:26]} 4. Nc3 {[%emt 0:01:39]} a6 {[%emt 0:00:48] unterminated} 5. e3 {[%emt 0:04:26] unterminated} d6 {[%emt 0:03:19] unterminated} 6. Rb1 {[%emt 0:05:06] unterminated} Bd7 {[%emt 0:07:22] unterminated} 7. Nge2 {[%emt 0:04:18]} Nf6 {[%emt 0:02:13] unterminated} 8. h3 {[%emt 0:07:57] unterminated} Rb8 {[%emt 0:05:19] unterminated} 9. d4 {[%emt 0:03:07] unterminated} Ba7 {[%emt 0:12:26] unterminated} 10. b4 {[%emt 0:12:11] unterminated} O-O {[%emt 0:07:15] unterminated} 11. O-O {[%emt 0:07:36] unterminated} h5 {[%emt 0:08:34] unterminated} 12. a4 {[%emt 0:03:28]} exd4 {[%emt 0:01:22]} 13. exd4 {[%emt 0:00:50] unterminated} Bf5 {[%emt 0:00:42] unterminated} 14. Rb2 {[%emt 0:04:09] unterminated} Qd7 {[%emt 0:00:42]} 15. Kh2 {[%emt 0:01:07]} Rfe8 {[%emt 0:01:09] unterminated} 16. Bf4 {[%emt 0:07:32] unterminated} Ne4 {[%emt 0:04:14] unterminated} 17. c5 {[%emt 0:02:09] unterminated} a5 {[%emt 0:05:29]} (17... dxc5 $14 18. dxc5 Rbd8) 18. b5 {[%emt 0:06:29]} Nb4 {[%emt 0:00:24]} 19. Nxe4 {[%emt 0:01:43]} Bxe4 {[%emt 0:00:11]} 20. cxd6 {[%emt 0:02:32]} cxd6 {[%emt 0:00:42]} 21. Nc3 {[%emt 0:02:38]} Bxg2 {[%emt 0:01:12]} 22. Kxg2 {[%emt 0:00:09]} Rbc8 {[%emt 0:01:31] unterminated} 23. Rb3 $17 {[%emt 0:03:45]} Qf5 {[%emt 0:03:18]} 24. d5 {[%emt 0:07:16]} Nd3 {[%emt 0:06:47]} 25. Ne2 {[%emt 0:02:15]} Rxe2 {[%emt 0:01:28]} 26. Qxd3 {[%emt 0:01:36]} Qxd3 {[%emt 0:01:05]} 27. Rxd3 {[%emt 0:00:08]} Rcc2 {[%emt 0:00:37]} 28. Bxd6 {[%emt 0:01:42]} Rxf2+ {[%emt 0:20:23]} 29. Rxf2 {[%emt 0:00:08]} Rxf2+ {[%emt 0:00:07]} 30. Kh1 {[%emt 0:00:06]} Rf1+ {[%emt 0:00:31]} 31. Kg2 {[%emt 0:00:24]} Rf2+ {[%emt 0:00:57] normal} 1/2-1/2

[Event "DVM U16 2019"]
[Site "Magedburg"]
[Date "2019.12.27"]
[Round "1"]
[White "Pahl, Erik"]
[Black "Köllner, Ruben Gideon"]
[Result "0-1"]
[WhiteElo "2030"]
[BlackElo "2330"]
[Annotator "NA"]
[PlyCount "105"]
[EventDate "2019.12.27"]
[EventType "team-tourn"]
[EventRounds "7"]
[EventCountry "GER"]
[SourceTitle "playchess.com"]
[Source "ChessBase"]
[SourceQuality "1"]
[WhiteTeam "Delmenhorster SK"]
[BlackTeam "SG Bochum"]
[TimeControl "40/5400+30:1800+30"]

1. c4 {[%emt 0:00:00]} e6 {[%emt 0:00:09]} 2. Nc3 {[%emt 0:00:00]} d5 {[%emt 0:00:13]} 3. d4 {[%emt 0:00:04]} Nf6 {[%emt 0:00:38]} 4. cxd5 {[%emt 0:00:08]} exd5 {[%emt 0:00:07]} 5. Bg5 {[%emt 0:00:06]} Be7 {[%emt 0:00:35]} 6. e3 {[%emt 0:00:08]} c6 {[%emt 0:00:29]} 7. Bd3 {[%emt 0:00:22] unterminated} h6 {[%emt 0:02:28] unterminated} 8. Bh4 {[%emt 0:00:27] unterminated} Ne4 {[%emt 0:11:33]} 9. Bxe7 {[%emt 0:02:02]} Qxe7 {[%emt 0:00:02] unterminated} 10. Qc2 {[%emt 0:00:44] unterminated} Nd6 {[%emt 0:12:01] D36: Queen's Gambit Declined: Exchange Variation: Main line (5 Bg5 c6 6 Qc2)} (10... Nxc3 11. bxc3 O-O 12. Ne2 Re8 13. O-O Nd7 14. c4 dxc4 15. Bxc4 Nb6 16. Bb3 Be6 17. Nf4 Bxb3 18. Qxb3 {1-0 (43) Xiu,D (2566)-Hakiki,K (2301) Kuala Lumpur 2013}) 11. Nge2 $146 {[%emt 0:01:11]} ({Predecessor:} 11. Nf3 Be6 12. O-O Nd7 13. b4 O-O 14. b5 cxb5 15. Nxb5 Nxb5 16. Bxb5 Rfc8 17. Qb3 Rc7 18. Rfc1 {1-0 (40) Guillo Longares,C (2030)-Diaz Sanchez,J (1707) Linares 2018}) 11... Be6 {[%emt 0:07:10]} 12. O-O {[%emt 0:00:41]} O-O {[%emt 0:00:14]} 13. Rae1 {[%emt 0:01:25] unterminated} Nd7 {[%emt 0:02:17]} 14. Nc1 {[%emt 0:00:39] unterminated} Qf6 {[%emt 0:04:26] unterminated} 15. Na4 {[%emt 0:05:13] unterminated} Rac8 {[%emt 0:06:23] unterminated} 16. Nc5 {[%emt 0:08:16] unterminated} Rfd8 {[%emt 0:17:07] unterminated} 17. N1b3 {[%emt 0:07:19] unterminated} b6 {[%emt 0:09:17]} 18. Nxd7 {[%emt 0:00:33] unterminated} Rxd7 {[%emt 0:02:01]} 19. Rc1 {[%emt 0:00:43]} Rdc7 {[%emt 0:01:15] unterminated} 20. Qd2 {[%emt 0:06:07] unterminated} a5 {[%emt 0:05:28] unterminated} 21. a4 {[%emt 0:01:54]} Qe7 {[%emt 0:02:29] unterminated} 22. Rfd1 {[%emt 0:05:06] unterminated} Ra8 {[%emt 0:04:36] unterminated} 23. Rc2 {[%emt 0:02:31] unterminated} Nc4 {[%emt 0:03:39] unterminated} 24. Qe2 {[%emt 0:09:08] unterminated} Qb4 {[%emt 0:04:43]} 25. Nc1 {[%emt 0:01:17]} c5 {[%emt 0:01:21]} 26. Bxc4 {[%emt 0:00:50]} dxc4 {[%emt 0:00:55]} 27. d5 {[%emt 0:00:18]} Bc8 {[%emt 0:00:29]} 28. Qxc4 {[%emt 0:10:40]} Bf5 {[%emt 0:00:05]} 29. e4 {[%emt 0:00:47]} Bxe4 {[%emt 0:00:20]} 30. Qxb4 {[%emt 0:01:02]} axb4 {[%emt 0:00:01]} 31. Re2 {[%emt 0:00:20]} Bf5 {[%emt 0:00:23]} 32. b3 {[%emt 0:04:48]} Rd7 {[%emt 0:00:17]} 33. Re5 {[%emt 0:03:44]} g6 {[%emt 0:01:00]} 34. d6 {[%emt 0:06:36]} Be6 {[%emt 0:00:44]} 35. Re3 {[%emt 0:00:36]} Rad8 {[%emt 0:00:42]} 36. Red3 {[%emt 0:00:19]} f6 {[%emt 0:00:28]} 37. f4 {[%emt 0:02:29]} Kf7 {[%emt 0:00:29]} 38. Kf2 {[%emt 0:00:53]} Bf5 {[%emt 0:00:07]} 39. R3d2 {[%emt 0:02:17]} Bg4 {[%emt 0:00:07]} 40. Ne2 {[%emt 0:00:58]} Bxe2 {[%emt 0:00:22]} 41. Kxe2 {[%emt 0:30:46]} Ke6 {[%emt 0:30:04] unterminated} 42. a5 {[%emt 0:02:04] unterminated} bxa5 {[%emt 0:00:00] unterminated} 43. Ra1 $19 {[%emt 0:00:00]} Ra8 {[%emt 0:00:00]} 44. Rc2 {[%emt 0:00:00]} Kxd6 {[%emt 0:00:00]} 45. Rd1+ {[%emt 0:00:00]} Ke6 {[%emt 0:00:00]} 46. Rxd7 {[%emt 0:00:00]} Kxd7 {[%emt 0:00:00]} 47. Rxc5 {[%emt 0:00:00]} Kd6 {[%emt 0:00:00] unterminated} 48. Rc4 {[%emt 0:00:00] unterminated} a4 {[%emt 0:00:00] unterminated} 49. bxa4 {[%emt 0:00:00]} Rxa4 {[%emt 0:00:00]} 50. Kd3 {[%emt 0:00:00] unterminated} Kd5 {[%emt 0:00:00] unterminated} 51. Rd4+ {[%emt 0:00:00] unterminated} Kc5 {[%emt 0:00:00] unterminated} 52. Rc4+ {[%emt 0:00:00] unterminated} Kb5 {[%emt 0:00:00] unterminated} 53. Ke4 0-1

[Event "DVM U16 2019"]
[Site "Magedburg"]
[Date "2019.12.27"]
[Round "1"]
[White "Henning, Marvin"]
[Black "Möller, Maurin"]
[Result "1-0"]
[WhiteElo "1972"]
[BlackElo "1629"]
[Annotator "NA RC"]
[PlyCount "63"]
[EventDate "2019.12.27"]
[EventType "team-tourn"]
[EventRounds "7"]
[EventCountry "GER"]
[SourceTitle "playchess.com"]
[Source "ChessBase"]
[SourceQuality "1"]
[WhiteTeam "Reideburger SV 90 Halle"]
[BlackTeam "SK BS Paderborn"]
[TimeControl "40/5400+30:1800+30"]

1. e4 e5 2. c4 Nc6 3. Nc3 Nf6 4. g3 Bc5 5. Bg2 d6 6. h3 O-O 7. Nge2 a5 8. d3 h6 9. O-O Be6 10. Kh2 Nh7 11. f4 f5 12. Nd5 Qd7 13. b3 Nd4 14. Bb2 Nxe2 15. Qxe2 c6 16. Nc3 Bd4 17. Na4 Bxb2 18. Qxb2 Qc7 19. fxe5 dxe5 20. Nc5 Bc8 21. exf5 Bxf5 22. g4 Bc8 23. Be4 Ng5 24. Rxf8+ Kxf8 25. Rf1+ Kg8 26. Qf2 Ne6 27. Qf5 Nf4 28. Qh7+ Kf7 29. Bg6+ Kf6 30. Ne4+ Ke6 31. Qg8+ Kd7 32. Qe8# {normal} 1-0

[Event "DVM U16 2019"]
[Site "Magedburg"]
[Date "2019.12.27"]
[Round "1"]
[White "Afonso, Nils"]
[Black "Lohvinov, Petro"]
[Result "1-0"]
[WhiteElo "1955"]
[BlackElo "2032"]
[Annotator "NA"]
[PlyCount "88"]
[EventDate "2019.12.27"]
[EventType "team-tourn"]
[EventRounds "7"]
[EventCountry "GER"]
[SourceTitle "playchess.com"]
[Source "ChessBase"]
[SourceQuality "1"]
[WhiteTeam "SF 59 Kornwestheim"]
[BlackTeam "SK München Südost"]
[WhiteTeamCountry "GER"]
[TimeControl "40/5400+30:1800+30"]

1. d4 {[%emt 0:00:00]} Nf6 {[%emt 0:00:00]} 2. c4 {[%emt 0:00:00]} g6 {[%emt 0:00:00]} 3. Nc3 {[%emt 0:00:00]} Bg7 {[%emt 0:00:00]} 4. e4 {[%emt 0:00:00]} d6 {[%emt 0:00:00]} 5. f3 {[%emt 0:00:00]} O-O {[%emt 0:00:00]} 6. Bg5 {[%emt 0:00:02]} c5 {[%emt 0:02:59]} 7. d5 {[%emt 0:00:13]} a6 {[%emt 0:00:28] unterminated} 8. Qd2 {[%emt 0:02:30] unterminated} Qa5 {[%emt 0:06:14] unterminated} 9. a4 {[%emt 0:06:12] unterminated} Nbd7 {[%emt 0:09:20] unterminated E81: King's Indian: Sämisch: 6th move deviations (including 6 Be3 c6)} 10. Nh3 {[%emt 0:04:07]} Ne5 {[%emt 0:02:45] unterminated} 11. Nf2 {[%emt 0:04:11] unterminated} Qb4 {[%emt 0:07:04] unterminated} 12. a5 {[%emt 0:16:30] unterminated} b5 {[%emt 0:13:15] unterminated} 13. cxb5 {[%emt 0:07:02]} axb5 {[%emt 0:00:46] unterminated} 14. Nxb5 {[%emt 0:03:18]} Qxd2+ {[%emt 0:01:37]} 15. Bxd2 {[%emt 0:00:35] unterminated} Ba6 {[%emt 0:10:40]} 16. Na3 $146 {[%emt 0:15:14]} ({Predecessor:} 16. Bc3 Nh5 17. Na3 Bxf1 18. Kxf1 {0-1 (95) Gallego Jimenez,V (2353)-Arencibia Rodriguez,W (2534) Ubeda 2001}) 16... Bxf1 {[%emt 0:03:11]} 17. Kxf1 {[%emt 0:00:06]} Rfb8 {[%emt 0:00:23]} 18. Bc3 {[%emt 0:00:47] unterminated} Nh5 {[%emt 0:02:36] unterminated} 19. Ra2 {[%emt 0:17:18] unterminated} Nf4 {[%emt 0:02:51] unterminated} 20. Bxe5 {[%emt 0:05:40]} Bxe5 {[%emt 0:00:23]} 21. Nc4 {[%emt 0:00:06] unterminated} Bd4 {[%emt 0:04:08]} 22. g3 {[%emt 0:01:03] unterminated} Rb4 {[%emt 0:07:34] unterminated} 23. b3 {[%emt 0:04:17] unterminated} Bxf2 {[%emt 0:14:21]} 24. gxf4 {[%emt 0:00:19]} Bd4 {[%emt 0:00:06] unterminated} 25. Ra3 {[%emt 0:00:52] unterminated} Kf8 {[%emt 0:03:46]} 26. h4 {[%emt 0:00:49]} h5 {[%emt 0:00:29] unterminated} 27. Rh2 {[%emt 0:00:49]} Ke8 {[%emt 0:01:15] unterminated} 28. Rha2 {[%emt 0:01:42]} (28. a6 $16) 28... Ra6 {[%emt 0:01:41]} 29. Kg2 {[%emt 0:03:43]} Rb5 {[%emt 0:02:19]} 30. e5 {[%emt 0:01:55]} Bc3 {[%emt 0:01:30]} 31. exd6 {[%emt 0:01:40]} exd6 {[%emt 0:00:05]} 32. Rc2 {[%emt 0:00:18]} Bd4 {[%emt 0:01:02]} 33. Kg3 {[%emt 0:01:57]} Kd7 {[%emt 0:00:43]} 34. f5 {[%emt 0:00:27] unterminated} Rb8 {[%emt 0:01:32] unterminated} 35. Kf4 {[%emt 0:00:50]} Bf6 {[%emt 0:00:46]} 36. Re2 {[%emt 0:01:50]} Bxh4 {[%emt 0:00:58]} 37. fxg6 {[%emt 0:01:25]} fxg6 {[%emt 0:00:04]} 38. Re6 {[%emt 0:00:11] unterminated} Rf8+ {[%emt 0:00:25]} 39. Ke4 $16 {[%emt 0:00:04] unterminated} Re8 $2 {[%emt 0:01:10]} (39... Bf6 $16 {might work better.}) 40. Nb6+ {[%emt 0:00:18]} Kd8 {[%emt 0:00:20]} 41. f4 {[%emt 0:31:08]} Be1 {[%emt 0:13:11]} 42. Nc4 {[%emt 0:00:00]} Rxe6+ {[%emt 0:03:05]} 43. dxe6 {[%emt 0:00:00]} Ke7 {[%emt 0:00:39]} 44. Kd5 {[%emt 0:00:00] unterminated} h4 {[%emt 0:02:21] unterminated} 1-0